00485nam a2200193 a 4500001001300000003000900013005001700022008004100039020001000080082001600090100002100106245001900127260003500146300000800181500003500189505002400224650002200248700002100270nice12345678IN_TiNIC20260116011806.0050524s0000 lona grp 000 0 eng  ac10000a269.2bZWE5 aZwemer, Samuel M aCall to Prayer aLondonbMarshal Brothersc0000 a76p aincludes index and biblioraphy2 aBibliography, Notes aEvangelistic Work1 aZwemer, Samuel M